Movies Quiz

Random Movies or Alphabet Quiz

Movies Missing 'A' Words Quiz Stats

 Plays Quiz Updated Feb 24, 2018

Support Sporcle.
Go Orange.
Score 0/18 Timer 03:00
0 Plays Today
Hint Answer % Correct
Apes
96.9%
Around
96.8%
Away
96.2%
American
95.5%
Amigos
95.4%
Apollo
94.5%
Arabia
93.8%
Air
91.4%
Anchorman
90.5%
Hint Answer % Correct
Angry
89.8%
Almost
89.5%
Alcatraz
89.5%
Annie
84.2%
Apocalypse
83.6%
Action
79.7%
Africa
79.3%
Afternoon
69.6%
Animal
67.5%

You're not logged in!

Compare scores with friends on all Sporcle quizzes.
OR
Log In

From the Vault

'B' in Asia

by beforever

Hang on, there's no 'B' in Asia...
Remove Ads.
Support Sporcle.
Get the best of Sporcle when you Go Orange. This ad-free experience offers more features, more stats, and more fun while also helping to support Sporcle. Thank you for becoming a member.

Show Comments

Extras

Top Quizzes Today


Score Distribution

Your Account Isn't Verified!

In order to create a playlist on Sporcle, you need to verify the email address you used during registration. Go to your Sporcle Settings to finish the process.

Report this User

Report this user for behavior that violates our Community Guidelines.

Details: